[Event "Elbow Beach Club GM-B"]
[Site "Paget Parish"]
[Date "2001.01.25"]
[Round "7"]
[White "Shahade, Gregory P"]
[Black "Vuckovic, Bojan"]
[Result "1/2-1/2"]
[WhiteElo "2456"]
[BlackElo "2458"]
[Annotator "Gofshtein,L"]
[PlyCount "102"]
[EventDate "2001.01.19"]
[EventType "tourn"]
[EventRounds "11"]
[EventCountry "BER"]
[EventCategory "9"]
[SourceTitle "CBM 081"]
[Source "ChessBase"]
[SourceDate "2001.03.20"]
[SourceVersion "1"]
[SourceVersionDate "2001.03.20"]
[SourceQuality "1"]

1. e4 c5 2. Nf3 d6 3. d4 cxd4 4. Nxd4 Nf6 5. Nc3 Nc6 6. Bg5 e6 7. Qd2 a6 8.
O-O-O Qb6 9. Nb3 Bd7 ({Worth of attention} 9... Qc7 10. Kb1 (10. f4 b5 11. Kb1
b4 12. Bxf6 gxf6 13. Na4 Bd7 14. Qe3 Rb8 {[%csl Ra4]} 15. Nd2 Na5 $132 {
0-1 Williams,L-Spraggett,K/Quebec 1986/EXT 97 (48)}) 10... Be7 11. Bxf6 gxf6
12. Qh6 Bd7 13. Qg7 O-O-O 14. Qxf7 h5 $1 $11 15. Nd4 Rdf8 16. Qg7 Rfg8 17. Qf7
Rf8 18. Qg7 Rfg8 19. Qf7 {1/2-1/2 Mithrakanth,P-Vasiukov,E/Coimbatore 1987/EXT
97 (19)}) 10. Bxf6 {creating doubled PP in the Black camp.} ({Another plan is
Attack preparation by} 10. f3 Ne5 (10... Qc7 11. Kb1 Be7 12. Be3 Na5 13. Nxa5
Qxa5 14. g4 Rc8 15. h4 h6 16. Bh3 $36 {1-0 De la Villa Garcia,J-Alderete,R/
Alicante 1997/EXT 2000 (21)}) 11. h4 O-O-O $6 12. Be3 Qc7 13. Qf2 $36 {[%csl
Rb6][%cal Re3b6] 1-0 O'Donnell,T-Majeed,A/Manila 1992/TD (47)}) (10. Kb1 Qc7
11. f4 (11. Be2 h6 12. Bxf6 gxf6 13. Bh5 Rh7 14. f4 O-O-O 15. Rhe1 Kb8 16. Qf2
Na5 17. f5 $36 {0-1 Pinter,G-Madl,I/Budapest 1997/CBM 61 ext (51)}) 11... b5
12. Bd3 Be7 13. a3 O-O 14. Rhe1 h6 15. h4 $13 {1/2-1/2 Ivanovic,B-Dely,P/
Zalaegerszeg 1977/EXT 98 (35)}) (10. Be2 Qc7 (10... Be7 11. f4 Rd8 12. g4 Qc7
13. h4 Bc8 14. h5 h6 15. Bh4 b5 $132 {0-1 Metzger,R-Gross,S/Lenk 1989/EXT 97 
(34)}) 11. f4 h6 12. Bxf6 gxf6 13. Bh5 {1/2-1/2 Panchenko,A-Csom,I/Las Palmas
1978/EXT 99 (13)}) ({It is possible to prepare Attack also by} 10. f4 O-O-O 11.
Be2 Be7 12. Rhe1 Be8 13. f5 Ne5 $132 {[%csl Re5]} 14. Nd4 {1/2-1/2 Tal,M-Kots,
Y/Baku 1961/URS-ch (77)} Bd7) 10... gxf6 11. f4 O-O-O 12. Be2 {[%csl Rf7][%cal
Ye2h5,Yh5f7] threatening Bh5} h5 {preventing noted threat.} (12... Na5 13. Nd4
Rg8 14. g3 Nc6 $14) 13. Kb1 Kb8 14. Bf3 {[%csl Rh5][%cal Gh2h4,Gd2e2,Ge2h5]
With the idea h2-h4 and Qe2 attacking Ph5.} ({Worth of attention plan} 14. Rhf1
{[%cal Gf1f3,Gf3h3]}) 14... Na5 $5 {Attempt of counterplay on the queenside
after eventual Rc8.} 15. Nxa5 Qxa5 16. Ne2 {Strange move. Regular QQ exchange
is to Black favour in this type of position. In other hand, it is difficult
for White to find effective plan after NN exchange.} (16. Qd4 Be7) 16... Qc5
17. h4 $5 {[%csl Rh5] Now Ph5 is fixed.} Be7 18. Ng3 {[%cal Yg3h5,Yf3h5]} Bc6
19. Qe2 Rdg8 20. Nf1 (20. Nxh5 $2 f5 21. e5 Rxh5 $1 22. Bxh5 Rxg2 $17) 20... f5
21. exf5 (21. Nd2 $5 fxe4 22. Nxe4 Bxe4 23. Qxe4 d5 24. Qe2 $14) 21... Bxf3 22.
Qxf3 Qxf5 23. Ne3 Qc5 24. Rd3 Qc6 $15 {[%csl Rg2,Gh5] Black has certain
advantage in view of "bad" White PP chain on the kingside.} (24... d5 $15) 25.
Qh3 d5 26. Qf3 Bf6 27. g3 Rc8 28. c3 Rhg8 29. Nc2 Rg4 30. Ne3 Rg7 31. Nc2 {
Black can't improve his pieces locations.} Qc4 32. Rhd1 $11 Qe4 $2 $16 {
Based on wrong position evaluation.} 33. Qxh5 Rcg8 34. Re3 $1 {maybe this
strong move was overlooked by Black.} Qg2 35. f5 $1 {destroing Black PP chain.}
e5 36. Qh6 d4 37. Red3 $2 ({After right} 37. cxd4 {White wins:} exd4 38. Nxd4
Bxd4 39. Qd6+ Ka8 40. Qxd4 $18) 37... Qc6 38. cxd4 Rxg3 (38... Qd6 39. dxe5
Qxe5 40. Qf4 Qxf4 41. gxf4 Bxh4 42. Ne3 $16) 39. Rxg3 Rxg3 40. dxe5 Rg2 (40...
Bxe5 41. Qxc6 bxc6 42. Nb4 $18) 41. Rc1 (41. Qf8+ Ka7 42. Nb4 Qe4+ 43. Nd3 Qc4
$132 44. Ne1 Rxb2+ $1 45. Kxb2 Bxe5+ 46. Kb1 Qb5+ 47. Kc2 Qc4+ $11) 41... Bxe5
42. Qxc6 bxc6 43. Re1 (43. Rh1 Rf2 44. h5 Rxf5 45. h6 Bh8 46. Kc1 Rf2 $132 {
Despite of promoted free P, Black has sufficient compensation.}) 43... Bf6 44.
a3 (44. Rh1 Bxh4 45. Ne3 Re2 46. Rxh4 Rxe3 47. Rh7 Re7 $11) 44... Bxh4 $11 45.
Re8+ Kc7 46. Rf8 Rg7 47. Ne3 Be7 48. Re8 Bc5 49. Nc4 Rg4 50. b3 Rg2 $132 51.
Re5 Bf8 1/2-1/2

[Event "New York Generation"]
[Site "New York"]
[Date "2003.04.28"]
[Round "5"]
[White "Yudasin, Leonid"]
[Black "Paschall, William M"]
[Result "1-0"]
[WhiteElo "2558"]
[BlackElo "2429"]
[Annotator "Gofshtein,L"]
[PlyCount "55"]
[EventDate "2003.04.23"]
[EventType "tourn"]
[EventRounds "9"]
[EventCountry "USA"]
[EventCategory "10"]
[SourceTitle "CBM 095"]
[Source "ChessBase"]
[SourceDate "2003.07.25"]
[SourceVersion "1"]
[SourceVersionDate "2003.07.25"]
[SourceQuality "1"]

{[%mdl 4]} 1. e4 c5 2. Nf3 Nc6 3. d4 cxd4 4. Nxd4 Nf6 5. Nc3 d6 6. Bg5 e6 7.
Qd2 Qb6 {Black permits his opponent to destroy his pawn structure, in exchange,
giving up two bishops.} 8. Bxf6 gxf6 {[%mdl 16]} 9. Nb3 a6 10. Be2 {[%cal
Re2h5] Typical move in this position. White strives to place his bishop on h5,
where he will directly threaten black's King.} h5 {Common defense against Bh5.
A drawback of this move is the weakness of pawn h5, which white will try to
exploit.} 11. f4 Bd7 12. O-O-O O-O-O 13. Rhf1 {[%cal Rf2f3,Rf3h3,Rf3d3] White
transfers his rook to the third vertical-either d3 or h3 depending on the
circumstance.} Kb8 {Black waits for white's move and in case of 13...Na5,
white has an opening advantage, as shown in the game Beliavsky-Ivanov.} (13...
Na5 14. Kb1 Nxb3 15. axb3 Kb8 16. f5 Be7 17. Qd3 Qc5 18. Qh3 {1-0 Beliavsky,
A-Ivanov,A/Ashkhabad 1978/MCL (43)}) 14. Kb1 Be7 15. Rf3 $5 {White realizes
his plan, transferring his Rook along the 3 column.} Rdg8 {[%cal Yg8g2]
Defending against the threat of 16. Rh3} 16. Bf1 Rc8 {The Rook has returned to
the Queen's side since it is now innactive on the King's.} 17. Rd3 $16 {
[%cal Rd3d6] White demonstrates his activity on the d-file, while he really
intends to attack pawn h5 by way of Qe2 followed by Rh3. It is very difficult
for black to defend against this plan.} Rc7 {Black is idling... It's not so
easy to find counterplay.} (17... Nb4 18. Rh3 h4 19. Qe1) 18. Rh3 Rcc8 19. Qe2
{[%cal Re2h5,Rh3h5]} h4 20. Qe1 Nb4 {Black fails to save the pawn-hence he
tries to activate his game on the Queenside.} 21. Rxh4 Rxh4 (21... f5 22. Rxh8
Rxh8 23. exf5 $16) 22. Qxh4 a5 23. Qh5 $1 {[%cal Rh5a5,Rh5f7] Very strong move.
White simultaneously attacks pawns f7 and a5.} a4 24. Qa5 $1 {White offers to
exchange Queens. In case of an exchange, as demonstrated in the game, extra
pawn as well as weaknesses on a4 and d6 give white a decisive advantage.} Qxa5
$6 {Black's last chance to avoid a Queens exchange by way of 24...Qe3} (24...
Qe3 $5 25. Qxb4 axb3 26. Qxb3 Qxf4 27. g3 $16) 25. Nxa5 Rc5 (25... Rh8 26. h3
Rh4 27. a3 Nc6 28. g3 Rh5 29. Nc4 $18) 26. Nc4 Kc7 27. a3 Na6 28. g4 $18 {
White has a passing pawn and a positional advantage. Black has minimal chances
for his defense and so he resigns.} 1-0

[Event "Olympiad-36"]
[Site "Mallorca"]
[Date "2004.10.29"]
[Round "14"]
[White "Kulaots, Kaido"]
[Black "Hernandez Guerrero, Gilberto Eduardo"]
[Result "1/2-1/2"]
[WhiteElo "2597"]
[BlackElo "2509"]
[Annotator "Gofshtein,L"]
[PlyCount "75"]
[EventDate "2004.10.15"]
[EventType "team-swiss"]
[EventRounds "14"]
[EventCountry "ESP"]
[SourceTitle "CBM 104"]
[Source "ChessBase"]
[SourceDate "2005.01.27"]
[SourceVersion "1"]
[SourceVersionDate "2005.01.27"]
[SourceQuality "1"]
[WhiteTeam "Estonia"]
[BlackTeam "Mexico"]
[WhiteTeamCountry "EST"]
[BlackTeamCountry "MEX"]

{[%mdl 4]} 1. e4 c5 2. Nf3 Nc6 3. d4 cxd4 4. Nxd4 Nf6 5. Nc3 d6 6. Bg5 Qb6 7.
Nb3 e6 8. Bf4 {This way white wins a tempi compared to 8.Be3 Qc7.} Ne5 9. Be3
Qc7 10. f4 Nc6 11. g4 a6 {Deserves attention an immideate strike at the centre
with 11...d5, as the game given below shows black has enough counterplay.} (
11... d5 $5 12. e5 Nd7 13. Nb5 Qb8 14. g5 a6 15. N5d4 Qc7 16. Qf3 Nxd4 17. Nxd4
Bb4+ 18. Kf2 Be7 19. h4 Nc5 20. Kg1 Bd7 $132 {0-1 Topalov,V-Smirin,I/Elenite
1994/CBM 44 (45)}) 12. g5 Nd7 13. Bd3 {An immideate offense on the kingside
also deserves attention as was in the game Malachi-Shmuter given below.} (13.
h4 $5 b5 14. h5 Nb6 15. Qf3 Bb7 16. g6 hxg6 17. hxg6 Rxh1 18. gxf7+ Qxf7 19.
Qxh1 Nb4 20. O-O-O Na4 21. Nxa4 bxa4 22. Na5 $36 {0-1 Malachi,A-Shmuter,L/
Israel 1996/CBM 52 ext (44)}) (13. Qd2 b5 14. O-O-O Be7 15. h4 Nc5 16. Bg2 b4
17. Ne2 Nxb3+ $132 {1/2-1/2 Kudrin,S-Gufeld,E/Palma de Mallorca 1989/TD (67)})
(13. Bg2 Be7 14. h4 b5 15. Qe2 Nb6 16. Rd1 Nc4 17. Bc1 Qb6 $132 {0-1 Yurtaev,
L-Gufeld,E/Helsinki 1992/CBM 32 (66)}) 13... b5 14. Qd2 Bb7 15. O-O-O Be7 16.
Kb1 Rc8 {Black tries to get counterplay on the queenside to compensate for the
white activity on the kingside.} 17. h4 {[%cal Gh4h5,Gg5g6] White carries out
a typical plan of attack - h4-h5 and g5-g6.} Nc5 {[%cal Rc5d3] Bringing the
knight in order to trade white's dangerous light squared bishop.} 18. h5 Nxd3
19. cxd3 O-O {Black calmly castles not fearing white's attack.} (19... f5 $5
20. exf5 (20. gxf6 Bxf6 $15) 20... b4 21. Ne2 exf5 22. Rc1) 20. f5 exf5 (20...
b4 21. Na4 exf5 22. Nb6 $36) 21. Nd5 Qd8 22. exf5 (22. g6 $5 {Deserved serious
attention to sacrifice the second pawn by 22.g6 opening lines on the black
king.} fxg6 (22... h6 $2 23. Bxh6 $40) 23. hxg6 hxg6 24. Qh2 {[%cal Rh2h7]} Ne5
25. Nd4 $44 {[%cal Gd4e6,Rd1g1,Gg1g6]}) 22... Ne5 $5 {[%cal Rb7d5][%mdl 256] A
typical defensive move for this position. Black is immideatly attacking
white's strong knight.} 23. Nxe7+ Qxe7 24. f6 $5 {White tries to get to the
opponent's king. In case of 24.Rhf1 Nf3 black seizes the initiative.} (24. Rhf1
Nf3 25. Qf2 Rfe8 $132) 24... Qe6 25. Nd4 (25. fxg7 Rfe8 26. Rhe1 (26. Nd4 Nf3
$132) 26... Nxd3 $36) 25... Nf3 26. Nxe6 (26. Qf2 Nxd4 27. Bxd4 Bxh1 28. fxg7
Rfe8 29. Rxh1 Qe2 $132) 26... Nxd2+ 27. Bxd2 fxe6 28. Rhf1 {After a serie of
exchanges the game came to a calm, equal endgame.} Bg2 {[%cal Yg2h3,Gh3g4]
Black activizes his bishop.} 29. Rf2 Bh3 $11 {[%cal Rh3f5][%mdl 4096] Black
plans to transfer his bishop to the f5 square.} 30. Bc3 Bg4 $5 {[%cal Rg4d1,
Yg4h5] Black defends accurately. In case of 30...gxf6 31.gxf6 white has the
initiative as the next lines show.} (30... gxf6 $6 31. gxf6 Kf7 32. Rg1 Rg8 33.
Rg7+ Rxg7 34. fxg7+ Bf5 35. h6 $36) 31. Re1 (31. Rh1 Rc5 $5 32. h6 gxf6 33.
gxf6 Kf7 34. Rg1 Rg8 35. Bb4 Rcg5 36. Bxd6 Bf5 $132) 31... e5 $5 (31... Bf5 $5
{31...Bf5 was also possible and as the lines show black is out of danger.} 32.
Rf3 gxf6 33. gxf6 Kf7 34. Rg1 Rg8 35. Rg7+ Rxg7 36. fxg7 b4 37. Bd4 h6 $11) 32.
Bb4 {[%csl Gd6]} Rc6 33. Rc1 (33. h6 gxh6 34. gxh6 Bh5 35. Rc1 Rfc8 $11) 33...
Rxc1+ 34. Kxc1 gxf6 35. gxf6 Bxh5 36. Bxd6 Rd8 37. Bxe5 Rxd3 38. Rd2 {After
the exchange of rooks the draw is inevitable.} 1/2-1/2

[Event "Corus-B"]
[Site "Wijk aan Zee"]
[Date "2005.01.25"]
[Round "9"]
[White "Karjakin, Sergey"]
[Black "Nijboer, Friso"]
[Result "1-0"]
[WhiteElo "2599"]
[BlackElo "2549"]
[Annotator "Gofshtein,L"]
[PlyCount "80"]
[EventDate "2005.01.15"]
[EventType "tourn"]
[EventRounds "13"]
[EventCountry "NED"]
[EventCategory "13"]
[SourceTitle "CBM 105"]
[Source "ChessBase"]
[SourceDate "2005.04.11"]
[SourceVersion "1"]
[SourceVersionDate "2005.04.11"]
[SourceQuality "1"]

1. e4 {[%mdl 4]} c5 2. Nf3 d6 3. d4 cxd4 4. Nxd4 Nf6 5. Nc3 Nc6 6. Bg5 Qb6 7.
Nb3 e6 8. Bxf6 {White exchanges the bishop but is breaking black's pawn
structure. Another possible move in this position is 8.Qd2} (8. Qd2 $5) 8...
gxf6 9. Qd2 a6 10. f4 Bd7 11. O-O-O O-O-O 12. Be2 {[%cal Re2h5] By developing
the bishop, white takes control over the h5 square} h5 13. Kb1 {A profilactic
move. White takes his king away from a dangerous area. An immideate 13.Rhf1
was also played} (13. Rhf1 {[%cal Rf2f3,Rf3h3,Rf3d3] White transfers his rook
to the third vertical-either d3 or h3 depending on the circumstance.} Na5 14.
Kb1 Nxb3 15. axb3 Kb8 16. f5 Be7 17. Qd3 Qc5 18. Qh3 {[%cal Re2h5] 1-0
Beliavsky,A-Ivanov,A/Ashkhabad 1978/MCL (43)}) 13... Kb8 14. Rhf1 Be7 (14...
Bc8 15. Rf3 h4 16. a3 Be7 17. Na4 Qc7 18. c4 {1/2-1/2 Marjanovic,S-Damljanovic,
B/Budva 2004/CBM 102 ext (18)}) 15. Rf3 {White realizes his plan, transferring
his Rook along the 3 column.Vctrechalis i drygie prodolzenija napr:} (15. Bf3
Na5 16. Nxa5 Qxa5 17. Ne2 Qxd2 18. Rxd2 Bb5 $132 {1/2-1/2 Videki,S-Gross,S/
Budapest 1997/CBM 058 ext (33)}) 15... Rdg8 {[%cal Rg8g2] Defending against
the threat of 16. Rh3} 16. Bf1 Rc8 {The Rook has returned to the Queen's side
since it is now innactive on the King's.} 17. Rh3 {Another plan involving 17.
Rd3 is also possible. White creates a strong pressure on the centre this way,
for example:} (17. Rd3 $5 $16 {[%cal Rd3d6]} Rc7 (17... Nb4 18. Rh3 h4 19. Qe1)
18. Rh3 Rcc8 19. Qe2 {[%cal Re2h5,Rh3h5]} h4 20. Qe1 $36 {1-0 Yudasin,
L-Paschall,W/New York 2003/CBM 095/[Gofshtein,L] (28)}) 17... Na5 18. Be2 h4 (
18... Nxb3 $5 19. axb3 Qa5 20. f5 h4 21. Qe1 Qe5 22. Rxh4 Bc6 23. Bf3 Rcg8 24.
Qf2 Bd8 25. Rxh8 Rxh8 26. h3 Ba5 $44 {1/2-1/2 Van der Weide,K-Miroshnichenko,E/
Bad Wiessee 2004/EXT 2005 (27)}) 19. Qe1 Nxb3 20. axb3 Qc5 21. Rxh4 f5 $44 {
Black lost a pawn but has compensation in view of the two bishops} 22. Rxh8
Rxh8 {[%cal Rh8h2]} 23. h3 fxe4 (23... Bc6 $5 24. Bd3 fxe4 25. Bxe4 Rc8) 24.
Nxe4 Qc7 25. Ng5 {It is very difficult for white to make use of his extra pawn.
Two bishops and a mobile pawn centre compensate for the absence of the pawn} (
25. Qc3 Rh4 26. g4 d5 27. Qxc7+ Kxc7 28. Nf2 Bd6 $44) 25... f6 26. Nf3 d5 {
[%cal Rc7f4] Activizing the queen and attacking white's weaknesses} 27. Qd2 Bd6
{[%cal Rd6f4]} 28. f5 $5 {This way white tries to break the black pawn centre}
Bf4 29. Qb4 a5 (29... e5 30. Rxd5 Bxf5 31. Rc5 Qd8 32. Bxa6 Qd1+ 33. Ka2 Rh7
34. Nd4 $16) 30. Qc3 {[%mdl 4096] White plays carefully and goes for a better
ending. It was also interesting to check 30.Qe7} (30. Qe7 $5 Re8 31. Qf7 exf5
32. Bc4 $16) 30... Qxc3 31. bxc3 e5 $5 {Black exchanges his d pawn for the
f-pawn and tries not to corrupt his pawn structure} (31... Kc7 32. fxe6 Bxe6
33. Nd4 $16) 32. Rxd5 Bxf5 33. Bd3 Bc8 34. Rxa5 Re8 35. Bf1 {35.Bc4 deserved
attention not letting the black rook to attack the pawn on g2} (35. Bc4 $5 f5 (
35... b6 36. Ra1 f5 37. Kb2) 36. Kb2 b6 37. Ra1) 35... f5 36. Rd5 {White
transfers his rook, trying to consolidate his position} Bg3 37. Bb5 Re7 38. Kc1
{Bringing the king to block the advance of the e-pawn} Kc7 39. Rc5+ Kb8 40. Kd1
f4 $2 {[%mdl 8192] Black blunders a pawn and is forced to resign. The correct
40...e4 allowed him in spite of the absence of the material chances for a draw}
(40... e4 $5 41. Nd4 f4 42. Rg5 Bf2 43. Ke2 Bg3) 1-0

[Event "RUS-Cup01 Chigorin Memorial"]
[Site "St Petersburg"]
[Date "1997.11.02"]
[Round "2"]
[White "Jakovenko, Dmitrij"]
[Black "Aseev, Konstantin N"]
[Result "0-1"]
[WhiteElo "2420"]
[BlackElo "2545"]
[Annotator "Gofshtein,L"]
[PlyCount "82"]
[EventDate "1997.11.01"]
[EventType "swiss"]
[EventRounds "9"]
[EventCountry "RUS"]
[SourceTitle "CBM 062"]
[Source "ChessBase"]
[SourceDate "1998.01.31"]
[SourceVersion "1"]
[SourceVersionDate "1998.01.31"]
[SourceQuality "1"]

1. e4 c5 2. Nf3 d6 3. d4 cxd4 4. Nxd4 Nf6 5. Nc3 Nc6 6. Bg5 Qb6 7. Nb3 (7. Be3
$5 Qxb2 (7... a6 $13) 8. Ndb5 Qb4 9. Bd2 (9. Nc7+ Kd8 10. Bd2 Rb8) 9... Qc5 (
9... Nxe4 $2 10. a3 $1 $18) 10. Be2 (10. Be3 $11) (10. Nc7+ Kd8 11. Nxa8 Ng4
12. Qb1 (12. Qe2 $2 Nd4 13. Qd3 Ne5 $19) 12... Qxf2+ 13. Kd1 g6 $44) 10... Qb6
11. Rb1 Ne5 $2 (11... Qd8 $5 $13) 12. Be3 Qa5 13. Rb3 g6 14. Ra3 Qd8 15. Bxa7
Ned7 16. f4 $16 {Balashov-Petrienko,1987 Russia}) (7. Ndb5 a6 8. Bxf6 gxf6 9.
Nd5 Qa5+ 10. Nbc3 (10. b4 $2 Nxb4 11. Nbc7+ Kd8 12. Nxa8 Nxd5+ 13. Qd2 Nc3 $17
{Anikaev}) 10... f5 11. Qh5 Bg7 12. O-O-O fxe4 13. Bc4 Bxc3 14. bxc3 Be6 15.
Rhe1 Qa3+ 16. Kb1 O-O-O 17. Rxe4 $14 {Tseskovsky-Anikaev,1974 Sochi}) 7... e6
8. Be2 $6 (8. Qd2 $5 a6 9. Be2 Qc7 10. a4 b6 11. Bxf6 gxf6 12. f4 Bh6 13. O-O
Bb7 14. Rf3 Rd8 15. Rh3 $14 {Kasparov-Anikaev,1979 SSSR/ch/}) (8. g4 $5 Qc7 9.
Be3 h6 10. f3 a6 11. h4 b5 {Van der Wiel-Popovich,Novi-Sad 1982}) (8. Bd3 $5
Be7 9. O-O a6 10. Kh1 O-O 11. f4 Qc7 12. Qe2 b5 13. Rae1 b4 14. Nd5 exd5 15.
exd5 Nxd5 16. Qe4 g6 17. Qxd5 Be6 18. Qe4 $14 {Wang Zili-Gostica,Beograd 1988})
(8. Bf4 Ne5 9. Be3 Qc7 10. f4 Nc6 11. g4 a6 12. g5 Nd7 13. Bg2 Be7 14. h4 b5
$11 {Yurtaev-Gufeld,Helsinki1992 -}) (8. Bxf6 gxf6 9. Qh5 Bd7 10. Be2 Be7 11.
O-O Nd4 12. Bd3 a6 13. Kh1 Nxb3 14. axb3 Qc5 $1 15. Qe2 h5 $13 {
Bezgodov-Tseitlin,Budapest 1996}) 8... Be7 9. O-O O-O 10. Bxf6 gxf6 11. Kh1 Kh8
12. f4 (12. Bh5 Ne5 $132) 12... Rg8 $132 13. Bd3 (13. Qe1 Bd7 14. Rf3 Rg7 15.
Rh3 Rag8 16. Bf3 Nd4 17. Nxd4 Qxd4 18. Rd1 Qb4 19. b3 {- Ivanchuk,V-Smirin,I/
Paris PCA\Intel-GP 1994/EXP 43}) (13. Bg4 a6 14. Bh3 Rg7 15. f5 Ne5 16. Rb1 Qe3
17. Qc1 Nc4 $132 {Van der Sterren-Baljon Chr.1978,Leeuwarden}) 13... Bd7 14.
Qh5 Rg7 $17 {White dont have any plan,also in the endgame black has good game
here} 15. Rae1 Nb4 16. Qa5 Bd8 $1 $17 17. Qxb6 (17. Qh5 a5 $36) 17... Bxb6 18.
Re2 Nxd3 19. cxd3 Rc8 20. a4 $2 (20. Rc1 $142) 20... Rgg8 21. Nb5 Bxb5 22. axb5
Rgd8 23. g4 d5 24. e5 fxe5 25. fxe5 Kg7 26. Kg2 Rd7 27. Kf3 Rdc7 28. Rfe1 Rc2
29. h4 h6 30. Kg3 a5 31. bxa6 bxa6 32. Kf3 a5 33. Na1 Rxe2 34. Rxe2 Rc1 $19 35.
Nc2 Rd1 36. Ne1 a4 37. Kg2 Ba5 38. Nf3 Rxd3 39. Rc2 Rb3 40. Kf2 Bb6+ 41. Kg2
Be3 0-1

[Event "RUS-ch m3-4"]
[Site "Elista"]
[Date "1997.05.21"]
[Round "1.4"]
[White "Shovunov, Baatr"]
[Black "Shcherbakov, Ruslan"]
[Result "0-1"]
[WhiteElo "2340"]
[BlackElo "2580"]
[Annotator "Gofshtein,L"]
[PlyCount "108"]
[EventDate "1997.04.19"]
[EventType "k.o."]
[EventRounds "6"]
[EventCountry "RUS"]
[SourceTitle "CBM 059"]
[Source "ChessBase"]
[SourceDate "1997.08.01"]
[SourceVersion "1"]
[SourceVersionDate "1997.08.01"]
[SourceQuality "1"]

1. e4 c5 2. Nf3 Nc6 3. d4 cxd4 4. Nxd4 Nf6 5. Nc3 d6 6. Bg5 a6 7. Qd2 Qb6 8.
Nb3 e6 9. Bxf6 (9. O-O-O Qc7 10. f4 Be7 11. Bxf6 (11. Be2 b5 12. Bf3 Bb7 13.
Bxf6 gxf6 14. Ne2 Rc8 15. Kb1 Nb8 16. f5 e5 17. Ng3 Nd7 18. Rc1 Bf8 $13) 11...
gxf6 12. Be2 h5 13. h4 b5 14. Bf3 Bb7 15. Kb1 O-O-O 16. Qe2 Rh7 17. Bxh5 Rdh8
18. g4 Nb8 {Kozirev-Sherbakov,Omsk1996}) 9... gxf6 10. O-O-O Qc7 (10... Bd7 11.
f4 O-O-O 12. Be2 h5 13. Rhf1 Kb8 14. Kb1 Be7 15. Bf3 h4 16. Qe1 Na7 17. e5 Bc6
18. Bxc6 Nxc6 19. exd6 Rxd6 20. Rxd6 Bxd6 21. Ne4 Be7 22. f5 $14 {
Sulskis-Gallaher,EU-TM1997}) 11. Be2 (11. f4 b5 12. Kb1 h5 13. Bd3 $6 (13. g3
$1 Bd7 14. Bh3 b4 $1 15. Ne2 Qb6 16. Ned4 Nxd4 17. Nxd4 Rc8 $13) 13... Bd7 14.
Rhe1 Rg8 15. Bf1 b4 16. Ne2 a5 $11 {Lugovoi-Sakaev,Rus-shTM1997}) 11... h5 12.
Kb1 h4 13. Qf4 $6 (13. f4 $142) 13... Be7 14. g3 Ne5 15. Qc1 b5 16. f4 Nc4 17.
Nd4 Nb6 18. Bf3 Bb7 $17 19. f5 $6 (19. a3 $142) 19... e5 20. Nb3 b4 21. Nd5 (
21. Ne2 a5 $17) 21... Bxd5 22. exd5 a5 23. Qe3 a4 24. Nd2 (24. Nc1 Nc4 25. Qd3
a3 26. b3 Nb2 $19) 24... Rc8 25. Qd3 (25. Be4 a3 26. b3 Nxd5 $19) 25... a3 $2
26. b3 (26. Qb5+ $142 Kf8 27. Qxb4 axb2 (27... Qxc2+ 28. Ka1 hxg3 29. Qxb6 Rxh2
30. Be4 $1 $13) 28. c4 $17) 26... Qc3 27. Qxc3 Rxc3 28. Be2 $2 (28. g4 $142 Kd7
29. Rhf1 Rhc8 30. Be4 Bf8 $17) 28... hxg3 29. Ne4 (29. hxg3 Rxh1 30. Rxh1 Nxd5
$19) 29... g2 $1 30. Rhg1 Re3 31. Bb5+ Kd8 32. Nf2 Rg8 $19 33. Bc6 Rf3 34. Nd3
Rxf5 35. Nxb4 Rh5 36. Bb5 Bf8 37. Bd3 f5 38. c4 e4 39. Bc2 Rxh2 40. Nc6+ Kc7
41. Nd4 Rh5 42. Nb5+ Kd7 43. Nxa3 Bh6 44. Nb5 Be3 45. Nc3 Bxg1 46. Rxg1 Rh1 47.
Ne2 Rxg1+ 48. Nxg1 Rh8 49. Kb2 Rh1 50. Ne2 g1=N 51. Nxg1 Rxg1 52. a4 Kc7 53. a5
Nd7 54. b4 e3 0-1